| 000 | 01016nas a2200337 4500 | ||
|---|---|---|---|
| 001 | BR2012003963 | ||
| 003 | BR-BrBNA | ||
| 005 | 20231205120640.0 | ||
| 007 | ta | ||
| 008 | 230509b bl.|||p| |||| 00| 00por d | ||
| 040 |
_aBR-BrBNA _bpor _cBiblioteca Nacional de Agricultura |
||
| 041 | _a(Pt) | ||
| 072 | _aF04; E16 | ||
| 100 | 1 | _aSantos, L.A. dos | |
| 100 | 1 | _aAlfaya, H. | |
| 100 | 1 | _aRaupp, A.A.A. | |
| 100 | 1 | _aLüder, W.E. | |
| 100 | 1 | _aSilva, J.B. da | |
| 100 | 1 | _aRodrigues, R.C. | |
| 100 | 1 | _aReis, J.C.L. | |
| 245 | 1 | _aAvaliação de silagens elaboradas com milho produzido sob dois níveis de adubação: I. produção e custo operacional | |
| 650 | _aMILHO | ||
| 650 | _aSILAGEM | ||
| 650 | _aVARIEDADE | ||
| 650 | _aADUBAÇÃO | ||
| 650 | _aCUSTO OPERACIONAL | ||
| 650 | _aPRODUÇÃO VEGETAL | ||
| 773 | 0 |
_tPesquisa Agropecuária Gaúcha (Brazil) _xISSN 0104-9070 _g(2009), v. 15(2) p. 113-121 _wBR2012003963 |
|
| 909 |
_a202311 _bLúcia _c55 _dLúcia Elande |
||
| 942 |
_2AGRIS _n0 _cANA |
||
| 999 |
_c219556 _d219556 |
||